UM Logo

Real-time SIL validation of a novel PMSM control based on deep deterministic policy gradient scheme for electrified vehicles / (Record no. 19671)

MARC details
000 -LEADER
fixed length control field 01137nam a22002417a 4500
003 - CONTROL NUMBER IDENTIFIER
control field OSt
005 - DATE AND TIME OF LATEST TRANSACTION
control field 20250924163624.0
008 - FIXED-LENGTH DATA ELEMENTS--GENERAL INFORMATION
fixed length control field 240314b ||||| |||| 00| 0 eng d
040 ## - CATALOGING SOURCE
Transcribing agency 0
082 ## - DEWEY DECIMAL CLASSIFICATION NUMBER
Classification number DPer 621.381 In821 August 2022 v. 37 n. 8
100 ## - MAIN ENTRY--PERSONAL NAME
Personal name Bhattacharjee, Soumava.
Relator term author.
9 (RLIN) 54629
245 ## - TITLE STATEMENT
Title Real-time SIL validation of a novel PMSM control based on deep deterministic policy gradient scheme for electrified vehicles /
Statement of responsibility, etc. Soumava Bhattacharjee, Sukanta Halder, Ye Yan, Aiswarya Balamurali, Lakshmi Varaha Iyer, and Narayan C. Kar.
260 ## - PUBLICATION, DISTRIBUTION, ETC. (IMPRINT)
Place of publication, distribution, etc. New York ;
Name of publisher, distributor, etc. The Institute of Electrical and Electronics Engineers, Inc. ,
Date of publication, distribution, etc. August 2022.
300 ## - PHYSICAL DESCRIPTION
Extent volume 37, pages 9000-9011 :
Other physical details illustration ;
Dimensions 28 cm.
500 ## - GENERAL NOTE
General note IEEE Transitions on Power Electronics, v. 37 n. 8, pages 9000-9011, August 2022.
700 ## - ADDED ENTRY--PERSONAL NAME
Personal name Bhattacharjee, Soumava.
Relator term author.
9 (RLIN) 54629
700 ## - ADDED ENTRY--PERSONAL NAME
Personal name Halder, Sukanta.
Relator term author.
9 (RLIN) 54630
700 ## - ADDED ENTRY--PERSONAL NAME
Personal name Yan, Ye.
Relator term author.
9 (RLIN) 54631
700 ## - ADDED ENTRY--PERSONAL NAME
Personal name Balamurali, Aiswarya.
Relator term author.
9 (RLIN) 54632
700 ## - ADDED ENTRY--PERSONAL NAME
Personal name Iyer, Lakshmi Varaha.
Relator term author.
9 (RLIN) 54633
700 ## - ADDED ENTRY--PERSONAL NAME
Personal name Kar, Narayan C.
Relator term author.
9 (RLIN) 54634
942 ## - ADDED ENTRY ELEMENTS (KOHA)
Source of classification or shelving scheme Dewey Decimal Classification
Koha item type Periodicals
Holdings
Withdrawn status Lost status Source of classification or shelving scheme Damaged status Not for loan Collection code Home library Current library Date acquired Total Checkouts Full call number Date last seen Price effective from Koha item type Public note
    Dewey Decimal Classification     Periodicals UM Digos College - LIC UM Digos College - LIC 03/14/2024   DPer 621.317 Ie21 August 2022 v.37 n. 8 03/14/2024 03/14/2024 Periodicals Periodical Article